000 00642nam a2200229 a 4500
999 _c3267
_d3267
001 3267
003 BD-JhCC
005 20171125134421.0
008 171112s1995 bg |||| ||a| 000 0 ben d
020 _a9844629128
035 _a(BD-JhCC) 3267
040 _aBD-JhCC
_dBD-JhCC
041 _aben
082 _a001.3
_bMIT 1995
100 _aমিএ, বিদ্যুৎ
245 _aনিজেকে জানো /
_c বিদ্যুৎ মিএ
260 _aঢাকা :
_bপ্রজাপতি প্রকাশন ,
_c1995
300 _a64 p .:
_c22 cm .
650 _aSelf study
942 _2ddc
_cBK